Pingulala General Knowledge 6 (Hard) - Statistics

General Stats
  • This quiz has been taken 12 times
  • The average score is 9 of 20
Answer Stats
Hint Answer % Correct
What is the title of George Orwell’s novel about a dystopian future ruled by Big Brother? 1984
100%
What was the first home video game console to feature interchangeable cartridges? Fairchild Channel F
100%
Who is the author of The Divine Comedy? Dante Alighieri
92%
Which vitamin is primarily obtained through sunlight exposure? Vitamin D
92%
Which African country completely surrounds Lesotho? South Africa
83%
What was the name of the secret World War II project that led to the creation of the first nuclear weapons? The Manhattan Project
83%
Which director is known for films such as Inception, Interstellar, and Oppenheimer? Christopher Nolan
67%
What is the name of the force that opposes motion between two surfaces in contact? Friction
67%
Which Renaissance artist painted "The Birth of Venus"? Sandro Botticelli
67%
In the game Dungeons & Dragons, what is the maximum natural roll on a standard 20-sided die (d20)? 20
50%
Which type of electromagnetic radiation has the shortest wavelength? Gamma rays
33%
What was the first TV show to feature an interracial kiss on American television? Star Trek
25%
What is the maximum possible break in a game of professional ten-pin bowling? 300
17%
What is the name of the complex, multi-voiced musical form perfected by Johann Sebastian Bach? Fugue
17%
What is the deepest lake in North America? Great Slave Lake
8%
Who is the only tennis player to have won a Golden Slam (all four Grand Slam tournaments and an Olympic gold medal in the same year)? Steffi Graf
8%
Who was the leader of the Haitian Revolution that led to Haiti’s independence in 1804? Toussaint Louverture
8%
In Hindu mythology, which demon king was granted invincibility against gods, but was ultimately defeated by Narasimha, an incarnation of Vishnu? Hiranyakashipu
0%
In The Godfather, what is the name of the horse whose severed head is placed in a bed as a warning? Khartoum
0%
What is the highest-grossing animated film of all time (as of february 2025)? Ne Zha 2
0%
No matching quizzes found
Score Distribution
Percent of People with Each Score
Percentile by Number Answered
Your Score History
You have not taken this quiz